000 00346nam a2200145 a 4500
008 990924s1979||||xx 0 und c
040 _aSNK
_bslo
_cSNK
_eAACR2
100 1 _aDekan, Ján
245 1 0 _aVeľká Morava
_bDoba a umenie
260 _aBratislava
_bTatran
_c1979
300 _a283 s.
020 _c120
044 _axo
_cSK
041 _aslo
999 _c19262
_d19262